logo

Bir Sreshtho Munshi Abdur Rouf Library
Jhenaidah Cadet College

Concise English handbook / (Record no. 4932)

MARC details
000 -LEADER
fixed length control field 00842cam a22002771i 4500
001 - CONTROL NUMBER
JCCL Control Number 4932
003 - CONTROL NUMBER IDENTIFIER
JCCL marc code BD-JhCC
005 - DATE AND TIME OF LATEST TRANSACTION
control field 20171205173830.0
008 - FIXED-LENGTH DATA ELEMENTS--GENERAL INFORMATION
fixed length control field 770105s1969 cau 001 0 eng
035 ## - SYSTEM CONTROL NUMBER
system control number (BD-JhCC) 4932
035 ## - SYSTEM CONTROL NUMBER
system control number (OCoLC)2661331
040 ## - CATALOGING SOURCE
Original cataloging agency DLC
Transcribing agency PSt
Modifying agency DLC
041 ## - LANGUAGE CODE
Language code of Book eng
050 00 - LIBRARY OF CONGRESS CALL NUMBER
Classification number PE1408
Item number .G934
082 ## - DEWEY DECIMAL CLASSIFICATION NUMBER
Classification number 428.2
Author mark and Year GUP 1969
100 1# - MAIN ENTRY--PERSONAL NAME
Personal name Guth, Hans Paul,
Dates associated with a name 1926-
245 10 - TITLE STATEMENT
Title Concise English handbook /
Statement of responsibility, etc Hans P. Guth.
260 ## - PUBLICATION, DISTRIBUTION, ETC. (IMPRINT)
Place of publication, distribution, etc San Francisco :
Name of publisher, distributor, etc Wadsworth Pub. Co.,
Date of publication, distribution, etc 1961.
300 ## - PHYSICAL DESCRIPTION
Pagination 395 p. ;
Dimensions 20 cm.
500 ## - GENERAL NOTE
General note A revision of "the handbook sections of [the author's] Words and ideas."
500 ## - GENERAL NOTE
General note Includes index.
650 #0 - SUBJECT ADDED ENTRY--TOPICAL TERM
Topical term or geographic name as entry element English language
General subdivision Rhetoric
Form subdivision Handbooks, manuals, etc.
650 #0 - SUBJECT ADDED ENTRY--TOPICAL TERM
Topical term or geographic name as entry element English language
General subdivision Grammar
Form subdivision Handbooks, manuals, etc.
942 ## - ADDED ENTRY ELEMENTS (KOHA)
Source of classification or shelving scheme Dewey Decimal Classification
Koha item type Books
Holdings
Source of classification or shelving scheme Damaged status Not for loan Home library Current library Shelving location Date of accession Source of acquisition Total Checkouts Full call number Barcode Date last seen Copy number Koha item type
Dewey Decimal Classification     JCC Rouf Library JCC Rouf Library General Stacks 12/05/2017 Tha Asia Foundation   428.2 GUP 1969 6806 12/05/2017 C-1 Books
Dewey Decimal Classification     JCC Rouf Library JCC Rouf Library General Stacks 03/03/2018     428.2 GUP 1969 11581 03/03/2018 C-2 Books

JCC Library | Contacts | JCC Home

Last Update on 23 September 2017
Copyright @ 2017-2020 JCC Rouf Library
Rouf Library, Jhenidah Cadet College (JCC), Bangladesh